| 000 | 00887pam a2200289 a 4500 | ||
|---|---|---|---|
| 999 |
_c5303 _d5303 |
||
| 001 | 479420 | ||
| 003 | OSt | ||
| 005 | 20220406113408.0 | ||
| 008 | 840626s1985 nyua b 001 0 eng c | ||
| 010 | _a 84013198 | ||
| 020 | _a0471879525 | ||
| 040 |
_aDNLM/DLC _cALUPE UNIVERSITY _dDLC |
||
| 050 | 1 | 0 |
_aRC683 _b.H36 1985 |
| 060 | _aWG 141.5.E2 H297p | ||
| 082 | 0 | 0 |
_a616.1/207/543 _219 |
| 100 | 1 | _aHarrigan, Pamela. | |
| 245 | 1 | 0 |
_aPrinciples of interpretation in echocardiography / _cPamela Harrigan, Richard Lee. |
| 260 |
_aNew York : _bWiley, _cc1985. |
||
| 300 |
_axiv, 373 p. : _bill. ; _c31 cm. |
||
| 440 | 2 | _aA Wiley medical publication | |
| 504 | _aIncludes bibliographies and index. | ||
| 650 | 0 | _aEchocardiography. | |
| 650 | 2 | _aEchocardiography. | |
| 700 | 1 |
_aLee, Richard _q(Richard M.) |
|
| 906 |
_a7 _bcbc _corignew _d1 _eocip _f19 _gy-gencatlg |
||
| 942 |
_2lcc _cBK _nBA |
||